00666nam a2200241 a 45000010010000000030011000100080041000210200011000620350026000730920013000991000022001122450041001342600036001753000015002115000012002266500010002388560030002489420012002789520091002909900006003819980020003879990017004070001-1140ELIB.Books150505 2010 eng  a556961 a(ELIB.Books)0001-1295 a200bWea aWeaver, Horace R. aThe International Lesson Annual 1967 aNashvillebAbingdon Pressc1966 a448c23 Cm aLibrary aBible nKBTS: LibraryuKBTS: Elib 2ddccBK 00102ddc4070aKBTSbKBTSd2015-05-05l0p12978r2022-01-22 00:00:00w2022-01-22yBK a1 cbate2015-05-05 c11140d11140